01110cam a2200313 a 4500999001700000001000800017003000900025005001700034008004100051020001500092020001800107040003300125082002000158100003400178245009600212264007600308264001100384300004400395336002600439337002800465338002700493500002500520590001600545650004800561653002700609655001700636942001200653952013100665 c12193d121933007970EG-ScBUE20191203112954.0931018t1993 maua f 000 0 eng d a0669269166 a9780669269161 aDLCbengerdacDLCdEG-ScBUE04a540.78bBEL2221 aBell, Jerry A,eauthor.9753910aChemical explorations /cJerry A. Bell American Association for the Advancement of Science. 1aLexington, Massachusetts ;aToronto :bD. C. Heath and Company,c[1993] 4cc 1993 aix, 403 pages :billustrations ;c28 cm 2rdacontentatextbtxt 2rdamediaaunmediatedbn 2rdacarrieravolumebnc aIncludes appendices. abasant emad 7aChemistryxLaboratory manuals.2BUEsh97540 bHHUUEENNcDecember2019 vReading book 2ddccBB 00102ddc40708AlahramaMAINbMAINc1STd2009-07-05ePurchaseg122.00h72l0o540.78 BELp000012386r2025-07-15 00:00:00yBB